000 00620nam a22001817a 4500
005 20240123115302.0
008 231129b |||||||| |||| 00| 0 eng d
020 _a9780702185977
041 _aEnglish
082 _a345.3 VAN
100 _aVan den Heever and Carstens, P
_lEnglish
245 _aRes Ipsa Loquitur and Medical Negligence :
_bA Comparative Surgery /
_cP Van den Heever and P Carstens
250 _aFirst Edition
260 _aCape Town :
_bJuta and Company Ltd,
_c2011
300 _bxxx, 194 pages ;
_c25,5 cm.
650 _aLegal practice
_bLaw
942 _cBK
_6ALISON_BN_VRIES
999 _c1043
_d1043